000
00234nam a2200097Ia 4500
001
766327
005
20250826165338.0
008
250824s9999 xx 000 0 und d
245
0
_a
YARALI
_c
KAHRAMAN TAZEOĞLU
260
_b
DESTEK YAYINLARI
999
_c
766327
_d
766327